[Event "Winnipeg MCA Summer Seniors"]
[Site "Winnipeg CAN"]
[Date "2025.07.25"]
[Round "4.4"]
[White "Boron, Anthony"]
[Black "Melnyk, James"]
[Result "0-1"]
[WhiteElo "1973"]
[BlackElo "1621"]
[WhiteFideId "-1"]
[WhiteFideId "-1"]
[PlyCount "82"]
[GameId "2205803758608649"]
[EventDate "2025.07.04"]
[EventType "swiss"]
[EventRounds "4"]
[EventCountry "CAN"]

1. d4 e6 2. e4 c5 3. d5 exd5 4. exd5 d6 5. Nf3 Be7 6. Nc3 Bg4 7. h3 Bxf3 8. Qxf3 a6 9. a4 Bf6 10. Bd2 Nd7 11. Be2 Ne7 12. g4 Ng6 13. Ne4 Be7 14. Qb3 Rb8 15. c4 O-O 16. Kd1 f5 17. gxf5 Rxf5 18. Bg4 Rf8 19. Kc2 Nde5 20. Be6+ Kh8 21. Raf1 Nf4 22. Bxf4 Rxf4 23. f3 Qa5 24. Nd2 Qc7 25. Rhg1 b5 26. Qe3 Rd4 27. cxb5 axb5 28. axb5 Rxb5 29. f4 Nc4 30. Nxc4 Rxc4+ 31. Kb1 Bf6 32. Rg2 Qb6 33. Qa3 Ra5 34. Qd3 Rb4 35. Rff2 Qa7 36. Kc1 Ra1+ 37. Kd2 Rxb2+ 38. Ke3 Bd4+ 39. Ke4 Rxf2 40. Rxf2 Bxf2 41. Qb5 Qa4+ 0-1

[Event "Winnipeg MCA Summer Seniors"]
[Site "Winnipeg CAN"]
[Date "2025.07.25"]
[Round "4.5"]
[White "Aria, Armin"]
[Black "MacPherson, Al"]
[Result "1/2-1/2"]
[WhiteElo "1753"]
[BlackElo "1856"]
[WhiteFideId "-1"]
[WhiteFideId "-1"]
[PlyCount "119"]
[GameId "2205803758608650"]
[EventDate "2025.07.04"]
[EventType "swiss"]
[EventRounds "4"]
[EventCountry "CAN"]

1. e4 c5 2. Nf3 d6 3. d4 cxd4 4. Nxd4 Nf6 5. Nc3 a6 6. Bg5 e6 7. Bd3 Be7 8. Qe2 Nbd7 9. O-O Qc7 10. Nd1 b5 11. c4 h6 12. Be3 Ne5 13. cxb5 Nxd3 14. Qxd3 axb5 15. Nxb5 Qb8 16. Ndc3 O-O 17. f3 Ba6 18. a4 Nd7 19. Rfd1 Nc5 20. Bxc5 dxc5 21. Qd7 Bf6 22. Qc7 Bd4+ 23. Kh1 Bxb5 24. Qxb8 Rfxb8 25. axb5 Rxa1 26. Rxa1 Bxc3 27. bxc3 Rxb5 28. h4 Rb3 29. Rc1 c4 30. Kh2 g5 31. Kg3 Kg7 32. e5 Kg6 33. f4 gxh4+ 34. Kxh4 Kf5 35. g3 Rb2 36. Kh3 h5 37. Ra1 Rc2 38. Ra7 Kg6 39. Ra3 Rc1 40. Kg2 Kf5 41. Kf3 Rd1 42. Ra7 Rd3+ 43. Kf2 Kg6 44. Ra3 Kf5 45. Ra7 f6 46. Rf7 Rxc3 47. Rxf6+ Ke4 48. Rxe6 Rc2+ 49. Ke1 c3 50. Rd6 Rg2 51. Kd1 Rxg3 52. Rf6 Rg7 53. e6 Re7 54. f5 h4 55. Rf7 Re8 56. e7 h3 57. f6 Ke5 58. Rh7 Kxf6 59. Rxh3 Rxe7 60. Rxc3 1/2-1/2

[Event "Winnipeg MCA Summer Seniors"]
[Site "Winnipeg CAN"]
[Date "2025.07.25"]
[Round "4.6"]
[White "Johnston, Devin"]
[Black "Klokow, John"]
[Result "0-1"]
[WhiteElo "1554"]
[BlackElo "1807"]
[WhiteFideId "-1"]
[WhiteFideId "-1"]
[PlyCount "82"]
[GameId "2205803758608651"]
[EventDate "2025.07.04"]
[EventType "swiss"]
[EventRounds "4"]
[EventCountry "CAN"]

1. e4 e5 2. Nc3 Nc6 3. Bc4 Nf6 4. Nf3 Nxe4 5. O-O Nxc3 6. dxc3 Be7 7. Bxf7+ Kxf7 8. Qd5+ Kf8 9. Nxe5 Nxe5 10. Qxe5 d6 11. Qf4+ Bf6 12. Be3 Bd7 13. Rfe1 Bc6 14. Bd4 Kg8 15. Be3 Qe8 16. f3 Be5 17. Qh4 Qg6 18. Re2 h6 19. Rae1 Bxf3 20. Rf2 Bc6 21. Ref1 Kh7 22. g3 Qe4 23. Qxe4+ Bxe4 24. Bd4 Bxd4 25. cxd4 Bg6 26. c3 Rhe8 27. Rf4 Kg8 28. Kf2 Rf8 29. Ke3 Rxf4 30. Rxf4 Re8+ 31. Kd2 Rf8 32. Rxf8+ Kxf8 33. Ke3 Ke7 34. Kf4 Ke6 35. g4 b5 36. h4 a5 37. g5 a4 38. a3 Kd5 39. h5 Bxh5 40. Kf5 hxg5 41. Kxg5 Bf7 0-1

[Event "Winnipeg MCA Summer Seniors"]
[Site "Winnipeg CAN"]
[Date "2025.07.25"]
[Round "4.7"]
[White "Coppin, Wayne"]
[Black "Greenberg, Harley"]
[Result "0-1"]
[WhiteElo "1884"]
[BlackElo "1670"]
[WhiteFideId "-1"]
[WhiteFideId "-1"]
[PlyCount "61"]
[GameId "2205803758608652"]
[EventDate "2025.07.04"]
[EventType "swiss"]
[EventRounds "4"]
[EventCountry "CAN"]

1. e4 e5 2. Nf3 Nc6 3. d4 exd4 4. c3 dxc3 5. Bc4 Nh6 6. O-O Be7 7. Nxc3 O-O 8. Nd5 Kh8 9. Bf4 d6 10. h3 Ne5 11. Nxe5 dxe5 12. Bxe5 Bd6 13. Bd4 c6 14. Qh5 f6 15. Nc3 Bh2+ 16. Kxh2 Qxd4 17. Qe2 Qd6+ 18. f4 Be6 19. Rad1 Qe7 20. Bxe6 Qxe6 21. Rf3 Nf7 22. Rfd3 Rad8 23. Qe3 b6 24. Rxd8 Rxd8 25. Rxd8+ Nxd8 26. Qd4 Nf7 27. Qa4 Qd6 28. Ne2 Qc7 29. Nd4 Qxf4+ 30. Kg1 Qxe4 31. Kh2 0-1

[Event "Winnipeg MCA Summer Seniors"]
[Site "Winnipeg CAN"]
[Date "2025.07.25"]
[Round "4.8"]
[White "Remillard, John"]
[Black "Nikkel, Daniel"]
[Result "1/2-1/2"]
[WhiteElo "1679"]
[BlackElo "1371"]
[WhiteFideId "-1"]
[WhiteFideId "-1"]
[PlyCount "75"]
[GameId "2205803758616845"]
[EventDate "2025.07.04"]
[EventType "swiss"]
[EventRounds "4"]
[EventCountry "CAN"]

1. f4 Nf6 2. Nf3 d5 3. d3 Bg4 4. e3 Nc6 5. Be2 Bxf3 6. Bxf3 e6 7. O-O Qd7 8. Nd2 Bc5 9. Nb3 Bb6 10. d4 O-O-O 11. a4 Na5 12. Nxa5 Bxa5 13. c3 c6 14. b4 Bc7 15. Qd3 Ne4 16. c4 f5 17. c5 a6 18. Bd2 h5 19. b5 cxb5 20. axb5 Qxb5 21. Qxb5 axb5 22. Ra8+ Kd7 23. Rxd8+ Bxd8 24. Bb4 Kc6 25. Ra1 g6 26. Ra8 Bf6 27. Rxh8 Bxh8 28. Ba5 Bf6 29. g3 Kd7 30. Be2 Kc6 31. Kg2 Be7 32. h3 Bf6 33. g4 h4 34. gxf5 gxf5 35. Bh5 Kd7 36. Be2 Kc6 37. Bh5 Kd7 38. Be2 1/2-1/2

[Event "Winnipeg Summer Junior op"]
[Site "Winnipeg CAN"]
[Date "2025.07.21"]
[Round "1.1"]
[White "Balamanage, Dineth"]
[Black "Gres, Yakiv"]
[Result "1-0"]
[WhiteElo "1639"]
[BlackElo "1990"]
[WhiteFideId "-1"]
[WhiteFideId "-1"]
[PlyCount "75"]
[GameId "2215457811308054"]
[EventDate "2025.07.21"]
[EventType "swiss"]
[EventRounds "6"]
[EventCountry "CAN"]

1. d4 Nf6 2. Nf3 d5 3. c4 e6 4. g3 Bb4+ 5. Bd2 Be7 6. Bg2 O-O 7. Nc3 b6 8. cxd5 exd5 9. O-O Bb7 10. Bg5 h6 11. Bxf6 Bxf6 12. Re1 Re8 13. Rc1 Na6 14. e3 c5 15. a3 Rc8 16. Qa4 cxd4 17. exd4 Re7 18. Rxe7 Qxe7 19. Re1 Qd8 20. Ne5 Rc7 21. Qb5 Bxe5 22. Rxe5 Rd7 23. Nxd5 Bxd5 24. Rxd5 Rxd5 25. Qxd5 Qc7 26. Qc6 Qe7 27. Qc8+ Kh7 28. Qxa6 Qe1+ 29. Qf1 Qd2 30. Be4+ g6 31. Qd3 Qc1+ 32. Kg2 Qxb2 33. d5 Qf6 34. d6 Qd8 35. Qd5 Kg7 36. Qc6 Kf8 37. Qc7 Qe8 38. Bc6 1-0

[Event "Winnipeg Summer Junior op"]
[Site "Winnipeg CAN"]
[Date "2025.07.21"]
[Round "1.2"]
[White "Zhou, Joe"]
[Black "Wang, Elvis"]
[Result "1-0"]
[WhiteElo "1917"]
[BlackElo "1545"]
[WhiteFideId "-1"]
[WhiteFideId "-1"]
[PlyCount "103"]
[GameId "2215457811332631"]
[EventDate "2025.07.21"]
[EventType "swiss"]
[EventRounds "6"]
[EventCountry "CAN"]

1. Nf3 Nc6 2. d4 d5 3. Bf4 Bf5 4. e3 e6 5. a3 Nce7 6. Bd3 Bxd3 7. Qxd3 Ng6 8. Bg3 Nf6 9. Qb5+ Nd7 10. Nc3 Rb8 11. Qa5 Qc8 12. Nb5 b6 13. Qc3 Be7 14. Nxa7 Qb7 15. Nb5 Rc8 16. O-O O-O 17. Rfc1 Rfd8 18. Qd2 c6 19. Nd6 Bxd6 20. Bxd6 Nf6 21. Bg3 Ne4 22. Qd3 Nxg3 23. hxg3 c5 24. c3 Qe7 25. b4 e5 26. Qb5 exd4 27. exd4 Qc7 28. bxc5 bxc5 29. Qxc5 Qxc5 30. dxc5 Rxc5 31. a4 Rdc8 32. a5 Ra8 33. a6 Rc6 34. a7 Rc7 35. Rd1 Ne7 36. Rdb1 Nc6 37. Nd4 Nxa7 38. Nb5 Rb7 39. Nxa7 h6 40. Rxb7 Re8 41. Nc6 Kf8 42. Rb8 Rxb8 43. Nxb8 Kg8 44. Rd1 Kf8 45. Rxd5 Kg8 46. c4 Kf8 47. c5 Kg8 48. c6 Kf8 49. c7 Kg8 50. c8=Q+ Kh7 51. Qf5+ Kg8 52. Rd8# 1-0

[Event "Winnipeg Summer Junior op"]
[Site "Winnipeg CAN"]
[Date "2025.07.21"]
[Round "1.3"]
[White "Zhang, Oscar"]
[Black "Punay, Rhailey"]
[Result "0-1"]
[WhiteElo "1423"]
[BlackElo "1894"]
[WhiteFideId "-1"]
[WhiteFideId "-1"]
[PlyCount "46"]
[GameId "2215457811349016"]
[EventDate "2025.07.21"]
[EventType "swiss"]
[EventRounds "6"]
[EventCountry "CAN"]

1. e4 e5 2. Nf3 Nc6 3. Bc4 Nf6 4. Ng5 d5 5. exd5 b5 6. Bxb5 Qxd5 7. Nc3 Qxg2 8. Bxc6+ Qxc6 9. Qf3 Qxf3 10. Nxf3 Bb7 11. Ke2 e4 12. Nd4 O-O-O 13. Ndb5 a6 14. Na3 e3 15. Rf1 exf2 16. Rxf2 Bc5 17. Rf1 Rhe8+ 18. Kd1 Ng4 19. d3 Nxh2 20. Re1 Bf3+ 21. Kd2 Rxe1 22. Kxe1 Re8+ 23. Kd2 Nf1# 0-1

[Event "Winnipeg Summer Junior op"]
[Site "Winnipeg CAN"]
[Date "2025.07.21"]
[Round "1.4"]
[White "Wang, Lucas"]
[Black "Hui, Zenas"]
[Result "1-0"]
[WhiteElo "1887"]
[BlackElo "1413"]
[WhiteFideId "-1"]
[WhiteFideId "-1"]
[PlyCount "99"]
[GameId "2215457811357209"]
[EventDate "2025.07.21"]
[EventType "swiss"]
[EventRounds "6"]
[EventCountry "CAN"]

1. d4 f5 2. c4 Nf6 3. Nc3 e6 4. Bf4 Be7 5. e3 O-O 6. Nf3 d6 7. h3 h6 8. Be2 Nbd7 9. O-O b6 10. Ne1 Qe8 11. Bf3 Rb8 12. Nb5 g5 13. Nxc7 Qf7 14. Bh2 Bb7 15. Nb5 Bxf3 16. Nxf3 Ne4 17. Nd2 Nxd2 18. Qxd2 Ra8 19. Nxd6 Bxd6 20. Bxd6 Rfc8 21. Rfc1 e5 22. dxe5 Rxc4 23. Rc3 Re8 24. Rxc4 Qxc4 25. Qd4 Qe6 26. f4 Rc8 27. Ba3 Rc4 28. Qd3 gxf4 29. exf4 Rxf4 30. Qg3+ Rg4 31. hxg4 fxg4 32. b3 Nxe5 33. Re1 Nf3+ 34. gxf3 Qf5 35. Qxg4+ Qxg4+ 36. fxg4 Kg7 37. Rf1 Kg6 38. Kg2 Kg5 39. Kh3 h5 40. gxh5 Kxh5 41. Be7 Kg6 42. Rf6+ Kh5 43. Kg3 Kg5 44. Kf3 a5 45. Rf8+ Kg6 46. Kf4 Kg7 47. Kg5 Kh7 48. Rf6 b5 49. Rf7+ Kg8 50. Kf6 1-0

[Event "Winnipeg Summer Junior op"]
[Site "Winnipeg CAN"]
[Date "2025.07.21"]
[Round "1.5"]
[White "Lam, Jacob"]
[Black "Lake, Pablo"]
[Result "0-1"]
[WhiteElo "1358"]
[BlackElo "1766"]
[WhiteFideId "-1"]
[WhiteFideId "-1"]
[PlyCount "124"]
[GameId "2215457811361306"]
[EventDate "2025.07.21"]
[EventType "swiss"]
[EventRounds "6"]
[EventCountry "CAN"]

1. d4 f5 2. Nc3 g6 3. Bf4 Bg7 4. Nb5 d6 5. e3 a6 6. Nc3 Nf6 7. Bc4 e6 8. h4 Qe7 9. Nf3 Nbd7 10. Ng5 Nb6 11. Bd3 e5 12. dxe5 dxe5 13. Bh2 h6 14. Nh3 Bd7 15. f3 Nfd5 16. Nxd5 Nxd5 17. e4 Ne3 18. Qe2 f4 19. Bg1 Qxh4+ 20. Nf2 Nxg2+ 21. Kd2 Qe7 22. Nd1 Qb4+ 23. c3 Qd6 24. Qxg2 Bb5 25. Nf2 O-O-O 26. Qf1 Rd7 27. Kc2 Rhd8 28. Rd1 Qe6 29. Bxb5 axb5 30. Qxb5 Rxd1 31. Nxd1 Qxa2 32. Bc5 Bf6 33. Ba3 Qe6 34. Rxh6 c6 35. Qa4 Qd7 36. Rh1 Bh4 37. Kb1 Bg3 38. Ka2 Qd3 39. Qa8+ Kc7 40. Rh7+ Rd7 41. Qa5+ Kc8 42. Rh8+ Rd8 43. Qxe5 Qxd1 44. Qe6+ Qd7 45. Rxd8+ Kxd8 46. Qxg6 Kc7 47. Qf6 b6 48. Qe5+ Kc8 49. Bd6 b5 50. Qh8+ Kb7 51. Qb8+ Ka6 52. Bxf4 Qf7+ 53. b3 Bxf4 54. Qa8+ Kb6 55. Qd8+ Qc7 56. Qd4+ Kb7 57. e5 Bxe5 58. Qe4 Bxc3 59. f4 Qa5+ 60. Kb1 Qa1+ 61. Kc2 Qb2+ 62. Kd3 Qd2# 0-1

[Event "Winnipeg Summer Junior op"]
[Site "Winnipeg CAN"]
[Date "2025.07.21"]
[Round "1.6"]
[White "Zhang, Nicole"]
[Black "Jo, Asher"]
[Result "1-0"]
[WhiteElo "1760"]
[BlackElo "1364"]
[WhiteFideId "-1"]
[WhiteFideId "-1"]
[PlyCount "87"]
[GameId "2215457811365403"]
[EventDate "2025.07.21"]
[EventType "swiss"]
[EventRounds "6"]
[EventCountry "CAN"]

1. e4 e5 2. Nf3 Nc6 3. Bc4 Nf6 4. Ng5 d5 5. exd5 Na5 6. Bb5+ Bd7 7. Bxd7+ Qxd7 8. d3 Qxd5 9. O-O Be7 10. Nc3 Qd8 11. Re1 Nc6 12. b3 O-O 13. Bb2 Bc5 14. h3 h6 15. Nf3 Re8 16. Ne4 Nxe4 17. Rxe4 Bd6 18. d4 exd4 19. Rxe8+ Qxe8 20. Nxd4 Nxd4 21. Qxd4 f6 22. Qd5+ Kh8 23. Qxb7 a5 24. Qf3 Qb8 25. Re1 Qf8 26. a4 Re8 27. Rd1 Qe7 28. g3 Qd7 29. Qh5 Qe7 30. Qxa5 Qe2 31. Qd2 Qe6 32. Kg2 Qe4+ 33. Kg1 Qe6 34. Kh2 Rd8 35. Qe1 Qf5 36. Rd2 Qg5 37. Re2 Kh7 38. a5 Ra8 39. b4 Qb5 40. Re4 c5 41. Rg4 cxb4 42. Qe4+ f5 43. Rxg7+ Kh8 44. Qxa8+ 1-0

[Event "Winnipeg Summer Junior op"]
[Site "Winnipeg CAN"]
[Date "2025.07.21"]
[Round "2.2"]
[White "Punay, Rhailey"]
[Black "Zhang, Ian"]
[Result "0-1"]
[WhiteElo "1894"]
[BlackElo "1750"]
[WhiteFideId "-1"]
[WhiteFideId "-1"]
[PlyCount "128"]
[GameId "2215457811389983"]
[EventDate "2025.07.21"]
[EventType "swiss"]
[EventRounds "6"]
[EventCountry "CAN"]

1. e4 d5 2. exd5 Qxd5 3. Nc3 Qa5 4. d4 Nf6 5. Nf3 Bf5 6. Bc4 e6 7. Bd2 c6 8. Nd5 Qd8 9. Nxf6+ gxf6 10. Bb3 Nd7 11. Qe2 Qc7 12. Nh4 Bg6 13. O-O-O O-O-O 14. g3 Bd6 15. Nxg6 hxg6 16. h4 Nb6 17. Qf3 f5 18. Bg5 Be7 19. Bxe7 Qxe7 20. Kb1 Qf6 21. c3 Rh5 22. a4 a6 23. Rhe1 Rhh8 24. Qe2 Rhe8 25. a5 Na8 26. Qc4 Rd5 27. Qa4 Rdd8 28. Re5 Nc7 29. f4 Rd7 30. Qb4 Kb8 31. Rc5 Qe7 32. Qb6 Na8 33. Qb4 Nc7 34. Ba4 Nd5 35. Qb3 Ka8 36. c4 Nf6 37. Qb6 Rc8 38. Rd3 Rdc7 39. Rb3 Nd7 40. Qb4 Nxc5 41. dxc5 e5 42. fxe5 Qxe5 43. Qb6 Qe6 44. Rc3 Rd7 45. Qb4 Rd4 46. Rb3 Qd7 47. Rc3 f6 48. Qb3 Qe6 49. Qa2 Qe1+ 50. Rc1 Qe4+ 51. Bc2 Qe2 52. b3 Qe5 53. b4 Qxg3 54. Ba4 Qd3+ 55. Ka1 Qd2 56. Qb1 Qe3 57. Rc2 Qa3+ 58. Ra2 Qc3+ 59. Rb2 Rxc4 60. Bb3 Rxb4 61. Ka2 Rxh4 62. Bd1 Qxa5+ 63. Kb3 Qa4+ 64. Kc3 Qc4+ 0-1

[Event "Winnipeg Summer Junior op"]
[Site "Winnipeg CAN"]
[Date "2025.07.21"]
[Round "2.3"]
[White "Hui, Zelus"]
[Black "Wang, Lucas"]
[Result "1-0"]
[WhiteElo "1722"]
[BlackElo "1887"]
[WhiteFideId "-1"]
[WhiteFideId "-1"]
[PlyCount "57"]
[GameId "2215457811394080"]
[EventDate "2025.07.21"]
[EventType "swiss"]
[EventRounds "6"]
[EventCountry "CAN"]

1. c4 e5 2. g3 Nf6 3. Bg2 c6 4. Nc3 d5 5. cxd5 cxd5 6. d4 e4 7. e3 Nc6 8. a3 Be7 9. Nge2 Bg4 10. O-O Qd7 11. b4 Bh3 12. Nf4 Bxg2 13. Kxg2 g5 14. Nh5 g4 15. Nxf6+ Bxf6 16. Rh1 h5 17. h3 O-O-O 18. h4 Qf5 19. Bb2 Kb8 20. Rc1 Rc8 21. Rf1 Rhg8 22. Nb5 Be7 23. Qa4 a6 24. Nc3 Qf3+ 25. Kh2 Na7 26. Qd7 Bxh4 27. Qd6+ Ka8 28. Nxd5 Rxc1 29. Nb6# 1-0

[Event "Winnipeg Summer Junior op"]
[Site "Winnipeg CAN"]
[Date "2025.07.21"]
[Round "2.4"]
[White "Lake, Pablo"]
[Black "Miao, Yupeng"]
[Result "0-1"]
[WhiteElo "1766"]
[BlackElo "1691"]
[WhiteFideId "-1"]
[WhiteFideId "-1"]
[PlyCount "82"]
[GameId "2215457811394081"]
[EventDate "2025.07.21"]
[EventType "swiss"]
[EventRounds "6"]
[EventCountry "CAN"]

1. e4 e5 2. Nc3 Nf6 3. Bc4 Nc6 4. d3 d6 5. f4 Be7 6. Nf3 O-O 7. O-O Be6 8. Bb3 Bxb3 9. axb3 Nd7 10. Nd5 Nd4 11. c3 Nxf3+ 12. Qxf3 c6 13. Nxe7+ Qxe7 14. Qg3 f6 15. Qh4 Rf7 16. Rf3 f5 17. Qxe7 Rxe7 18. exf5 Nc5 19. Ra3 e4 20. dxe4 Rxe4 21. g3 Rae8 22. Rf1 Nd3 23. Rxa7 Re1 24. Bd2 R1e2 25. Bc1 Rc2 26. Ra1 Ree2 27. Rf3 Nxc1 28. Ra8+ Kf7 29. Ra7 Rg2+ 30. Kf1 Rxh2 31. Rxb7+ Kf6 32. Kg1 Rcg2+ 33. Kf1 Rxb2 34. Kg1 Rhd2 35. Rd7 Rd1+ 36. Rf1 Ne2+ 37. Kg2 Nxf4+ 38. Kf3 Rxf1+ 39. Ke4 Re2+ 40. Kd4 Rd1+ 41. Kc4 Re4# 0-1

[Event "Winnipeg Summer Junior op"]
[Site "Winnipeg CAN"]
[Date "2025.07.21"]
[Round "2.5"]
[White "Balamanage, Dineth"]
[Black "Zhang, Nicole"]
[Result "0-1"]
[WhiteElo "1639"]
[BlackElo "1760"]
[WhiteFideId "-1"]
[WhiteFideId "-1"]
[PlyCount "196"]
[GameId "2215457811394082"]
[EventDate "2025.07.21"]
[EventType "swiss"]
[EventRounds "6"]
[EventCountry "CAN"]

1. d4 d5 2. c4 e6 3. Nf3 Nf6 4. g3 c6 5. Bg2 Nbd7 6. O-O Be7 7. Nc3 O-O 8. Qc2 h6 9. Rd1 b6 10. Bf4 Ba6 11. cxd5 cxd5 12. Qa4 Bb7 13. Rac1 a6 14. Ne5 b5 15. Qb3 Nxe5 16. Bxe5 Bd6 17. Bxd6 Qxd6 18. e3 Rac8 19. a3 Rfe8 20. Ne2 e5 21. Bh3 Rxc1 22. Rxc1 exd4 23. Nxd4 Ne4 24. Qc2 Qf6 25. Bf5 g6 26. Bxe4 Rxe4 27. Qc7 Re7 28. Qd8+ Kg7 29. Rc7 Rxc7 30. Qxc7 Ba8 31. Qa7 Qd8 32. Qxa6 Qe8 33. Qxb5 Qe4 34. Qb8 Qb1+ 35. Kg2 Qe4+ 36. Kf1 Qd3+ 37. Ke1 Qa6 38. Qe5+ Kh7 39. Qe7 Kg7 40. Qb4 Bb7 41. Qb5 Qa8 42. a4 Bc8 43. a5 Bg4 44. f3 Bh3 45. a6 Qc8 46. Qc6 Qb8 47. Qb7 Qd8 48. Nc6 Qe8 49. Kd2 Bc8 50. Qb8 Qxc6 51. a7 Bb7 52. Qe5+ Kh7 53. Qc3 Qa6 54. Qa3 Qxa3 55. bxa3 Kg8 56. Kc3 Kf8 57. Kb4 Ke8 58. Kb5 Kd8 59. Kb6 Kc8 60. a4 d4 61. exd4 Bxf3 62. Kc5 Kb7 63. Kd6 Kxa7 64. Ke5 Kb6 65. d5 Bg4 66. Kf6 Bf5 67. Kxf7 Kc5 68. Kg7 h5 69. Kf6 Kxd5 70. a5 Kc6 71. a6 Kb6 72. a7 Kxa7 73. Ke5 Kb6 74. Kd6 Kb5 75. Kd5 Kb4 76. Kd4 Kb3 77. Ke3 Kc3 78. h4 Kc4 79. Kf4 Kd4 80. Kf3 Ke5 81. Ke3 Bg4 82. Kd3 Kf5 83. Ke3 Bd1 84. Kf2 Kg4 85. Kg2 Be2 86. Kh2 Bf1 87. Kg1 Kxg3 88. Kxf1 Kxh4 89. Kg1 Kg3 90. Kh1 h4 91. Kg1 h3 92. Kh1 g5 93. Kg1 g4 94. Kh1 Kf2 95. Kh2 g3+ 96. Kh1 g2+ 97. Kh2 g1=Q+ 98. Kxh3 Qg3# 0-1

[Event "Winnipeg Summer Junior op"]
[Site "Winnipeg CAN"]
[Date "2025.07.21"]
[Round "2.6"]
[White "Gres, Yakiv"]
[Black "Gao, Yueheng"]
[Result "1-0"]
[WhiteElo "1990"]
[BlackElo "1215"]
[WhiteFideId "-1"]
[WhiteFideId "-1"]
[PlyCount "31"]
[GameId "2215457811402275"]
[EventDate "2025.07.21"]
[EventType "swiss"]
[EventRounds "6"]
[EventCountry "CAN"]

1. e4 e5 2. Nc3 Nc6 3. Bc4 Bc5 4. Qg4 g6 5. Qf3 Nf6 6. Nge2 d6 7. d3 Be6 8. Bg5 Qd7 9. Qxf6 Rf8 10. O-O-O Na5 11. Bh6 Rg8 12. Bxe6 fxe6 13. d4 exd4 14. Nxd4 g5 15. Qxe6+ Qe7 16. Qxg8+ 1-0

[Event "Winnipeg Summer Junior op"]
[Site "Winnipeg CAN"]
[Date "2025.07.21"]
[Round "2.7"]
[White "Wang, Elvis"]
[Black "Lam, Jacob"]
[Result "1-0"]
[WhiteElo "1545"]
[BlackElo "1358"]
[WhiteFideId "-1"]
[WhiteFideId "-1"]
[PlyCount "57"]
[GameId "2215457811406372"]
[EventDate "2025.07.21"]
[EventType "swiss"]
[EventRounds "6"]
[EventCountry "CAN"]

1. e4 c6 2. d4 d5 3. exd5 cxd5 4. Nf3 Bf5 5. Be2 e6 6. O-O Bd6 7. Re1 Nf6 8. c4 O-O 9. Nc3 Nc6 10. Bg5 Be7 11. Qb3 Rb8 12. cxd5 exd5 13. a3 Ne4 14. Bxe7 Qxe7 15. Bd3 Rfe8 16. Qxd5 Rbd8 17. Qxf5 Nxd4 18. Nxd4 Rxd4 19. Bxe4 g6 20. Qf3 Kg7 21. h3 Red8 22. Bxg6 Qc7 23. Nb5 Qb6 24. Qxf7+ Kh6 25. Qxh7+ Kg5 26. Qh5+ Kf6 27. Qf5+ Kg7 28. Re7+ Kh6 29. Qh5# 1-0

[Event "Winnipeg Summer Junior op"]
[Site "Winnipeg CAN"]
[Date "2025.07.21"]
[Round "2.9"]
[White "Hui, Zenas"]
[Black "Iyer, Pia"]
[Result "0-1"]
[WhiteElo "1413"]
[BlackElo "1168"]
[WhiteFideId "-1"]
[WhiteFideId "-1"]
[PlyCount "120"]
[GameId "2215457811410470"]
[EventDate "2025.07.21"]
[EventType "swiss"]
[EventRounds "6"]
[EventCountry "CAN"]

1. c4 e5 2. g3 Nc6 3. Bg2 Bc5 4. Nc3 Nge7 5. e3 O-O 6. Nge2 d6 7. d4 exd4 8. exd4 Bb4 9. O-O d5 10. Nxd5 Nxd5 11. Bxd5 Ne7 12. Bg2 Ng6 13. d5 Bc5 14. b3 Re8 15. Re1 Qf6 16. Rb1 Bxf2+ 17. Kh1 Bxe1 18. Qxe1 Bg4 19. Rb2 Ne5 20. Qc3 Ng6 21. Qxf6 gxf6 22. Nd4 Re1+ 23. Bf1 Rxf1+ 24. Kg2 Rxc1 25. Rf2 Re8 26. Rxf6 Ree1 27. d6 Rg1+ 28. Kf2 Rgf1+ 29. Ke3 Rxf6 30. dxc7 Re1+ 31. Kd2 Re7 32. Nb5 a6 33. Nc3 Rxc7 34. Nd5 Rcc6 35. h4 Rf2+ 36. Kd3 Kg7 37. Ke3 Rxa2 38. Nc3 Re6+ 39. Kd4 Rd2+ 40. Kc5 b6+ 41. Kb4 Re5 42. h5 a5+ 43. Ka3 Bd1 44. Nxd1 Rxd1 45. hxg6 fxg6 46. g4 h5 47. g5 Rxg5 48. c5 Rxc5 49. b4 axb4+ 50. Kxb4 Rc8 51. Kb5 Rb1+ 52. Ka6 Rbc1 53. Kb7 b5 54. Kb6 Rb8+ 55. Ka7 b4 56. Kxb8 b3 57. Ka7 b2 58. Ka6 b1=R 59. Ka5 Rb2 60. Ka6 Ra1# 0-1

[Event "Winnipeg Summer Junior op"]
[Site "Winnipeg CAN"]
[Date "2025.07.22"]
[Round "3.1"]
[White "Zhang, Nicole"]
[Black "Hui, Zelus"]
[Result "0-1"]
[WhiteElo "1760"]
[BlackElo "1722"]
[WhiteFideId "-1"]
[WhiteFideId "-1"]
[PlyCount "116"]
[GameId "2215457811418664"]
[EventDate "2025.07.21"]
[EventType "swiss"]
[EventRounds "6"]
[EventCountry "CAN"]

1. e4 e6 2. d4 d5 3. Nc3 dxe4 4. Nxe4 Bd7 5. Nf3 Bc6 6. Nc3 Nf6 7. Bf4 Be7 8. Be2 Bxf3 9. Bxf3 c6 10. O-O O-O 11. Ne4 Nxe4 12. Bxe4 Bf6 13. c3 Na6 14. Re1 Nc7 15. Bxc7 Qxc7 16. Re3 Rad8 17. Bxh7+ Kh8 18. Qh5 Qf4 19. Rh3 Bg5 20. g3 Qf6 21. Re1 Bh6 22. Be4 Rfe8 23. Bg2 Kg8 24. Re5 Qg6 25. Qe2 Qb1+ 26. Bf1 Rd5 27. Rxd5 cxd5 28. Qb5 Rb8 29. a3 Qf5 30. Qc5 Qf6 31. Qxa7 Qd8 32. Qa4 Qb6 33. b4 Rc8 34. Qc2 Qc7 35. g4 Qf4 36. Be2 Qc1+ 37. Qxc1 Bxc1 38. a4 Bb2 39. b5 Bxc3 40. Rd3 Rc4 41. Rd1 Rxa4 42. Kg2 Rxd4 43. Rc1 Ba5 44. Rc8+ Kh7 45. Rb8 b6 46. Kg3 g6 47. h4 Rb4 48. f3 Rb2 49. Bd3 Kh6 50. Rf8 Kg7 51. Rc8 Be1+ 52. Kh3 Rf2 53. Bc2 Rxf3+ 54. Kg2 Rc3 55. Rxc3 Bxc3 56. g5 Kf8 57. Kf3 Ke7 58. Kg4 e5 0-1

[Event "Winnipeg Summer Junior op"]
[Site "Winnipeg CAN"]
[Date "2025.07.22"]
[Round "3.2"]
[White "Zhang, Ian"]
[Black "Miao, Yupeng"]
[Result "1/2-1/2"]
[WhiteElo "1750"]
[BlackElo "1691"]
[WhiteFideId "-1"]
[WhiteFideId "-1"]
[PlyCount "88"]
[GameId "2215457811418665"]
[EventDate "2025.07.21"]
[EventType "swiss"]
[EventRounds "6"]
[EventCountry "CAN"]

1. e4 e5 2. Nc3 Nf6 3. f4 d6 4. Nf3 Nc6 5. Bc4 Be7 6. O-O Bg4 7. h3 Bxf3 8. Qxf3 Nd4 9. Qd1 O-O 10. d3 c6 11. fxe5 dxe5 12. Ne2 b5 13. Bb3 Bc5 14. Nxd4 Bxd4+ 15. Kh1 h6 16. Qf3 a5 17. a3 a4 18. Ba2 Rc8 19. c3 Bb6 20. Bxh6 gxh6 21. Qxf6 Qxf6 22. Rxf6 Be3 23. Rf3 Bg5 24. Raf1 Rcd8 25. Bxf7+ Kg7 26. g3 Rd7 27. h4 Bd2 28. Bh5 Rxf3 29. Rxf3 Bc1 30. Be8 Rc7 31. Rf2 Rc8 32. Bh5 Rd8 33. Rc2 Be3 34. Be2 Rf8 35. Kg2 Rf2+ 36. Kh3 Kf6 37. Kg4 Kg6 38. h5+ Kf6 39. Bd1 Rxc2 40. Bxc2 Bc1 41. b3 axb3 42. Bxb3 Bxa3 43. c4 b4 44. c5 Bb2 1/2-1/2

[Event "Winnipeg Summer Junior op"]
[Site "Winnipeg CAN"]
[Date "2025.07.22"]
[Round "3.3"]
[White "Zhou, Joe"]
[Black "Gres, Yakiv"]
[Result "0-1"]
[WhiteElo "1917"]
[BlackElo "1990"]
[WhiteFideId "-1"]
[WhiteFideId "-1"]
[PlyCount "88"]
[GameId "2215457811422762"]
[EventDate "2025.07.21"]
[EventType "swiss"]
[EventRounds "6"]
[EventCountry "CAN"]

1. Nf3 d5 2. e3 Nf6 3. c4 e6 4. Nc3 Be7 5. b3 c5 6. cxd5 exd5 7. d4 cxd4 8. Nxd4 O-O 9. Bd3 Bg4 10. f3 Bd7 11. O-O Nc6 12. Nxc6 Bxc6 13. Re1 Re8 14. Bd2 Qb6 15. Kh1 Rad8 16. Qc2 d4 17. Ne4 Nd5 18. exd4 Qxd4 19. Bc4 b5 20. Bxd5 Bxd5 21. Rad1 Bxe4 22. Rxe4 Qf2 23. Qc1 Bd6 24. Be3 Qe2 25. Rd2 Ba3 26. Qg1 Rxd2 27. Rxe8+ Bf8 28. Bxd2 Qxe8 29. Qxa7 Qe2 30. Qe3 Qd1+ 31. Qe1 Qc2 32. h3 Qxa2 33. b4 h6 34. Bc3 Qc4 35. Qd2 f5 36. Qe1 Bd6 37. Qe8+ Kh7 38. Qe1 Qf4 39. Kg1 Qh2+ 40. Kf1 Bg3 41. Qe7 Qh1+ 42. Ke2 Qxg2+ 43. Kd3 Qxf3+ 44. Kc2 Qe4+ 0-1